00610nam a22002057a 450000500170000001000130001702000230003003500130005303700160006604000120008208200150009410000220010924500670013126000430019827000460024130000260028750000510031365000160036465000240038020170124110144.0 aB-031003 c350.00a8170997712 aB-031003 bCen Lib/Ret aDPLbEN a181.4bKAR aKar, Bijayananda  aValue perspectives in indian philosophy /cby Bijayananda Kar  aNew Delhi bMittal Publications c2000 bNew Delhi aA-110, mohan garden e110059 aviii, 159p.c21cm(Hb) aIncludes bibliographical references and index  aPhilosophy  aIndian reflectives